Scottish castle initiative (Record no. 120825)

MARC details
000 -LEADER
fixed length control field 01012cai a22001815a 4500
001 - CONTROL NUMBER
control field E148432
008 - FIXED-LENGTH DATA ELEMENTS--GENERAL INFORMATION
fixed length control field 090917u xxk g 000 0 eng d
035 ## - SYSTEM CONTROL NUMBER
System control number (Sirsi) u148432
041 0# - LANGUAGE CODE
Language code of text/sound track or separate title eng
110 2# - MAIN ENTRY--CORPORATE NAME
Corporate name or jurisdiction name as entry element Historic Scotland
9 (RLIN) 2914
245 00 - TITLE STATEMENT
Title Scottish castle initiative
Medium [electronic resource]
520 ## - SUMMARY, ETC.
Summary, etc. Website of the Scottish Castle Initiative, which has been launched by Historic Scotland to help to safeguard the future of Scotland's castles. The project aims to establish an online Castle Conservation Register, to offer guidance on castle restoration, to produce an overview of castle and tower-house restoration in Scotland, and to present examples of successful restoration projects.
590 ## - LOCAL NOTE (RLIN)
Local note KA
651 #4 - SUBJECT ADDED ENTRY--GEOGRAPHIC NAME
Geographic name Scotland
Chronological subdivision 1999-
690 ## - LOCAL SUBJECT ADDED ENTRY--TOPICAL TERM (OCLC, RLIN)
Topical term or geographic name as entry element BUILT ENVIRONMENT-BUILDING TYPES-ANCIENT MONUMENTS AND HISTORIC BUILDINGS
856 40 - ELECTRONIC LOCATION AND ACCESS
Uniform Resource Identifier <a href="https://www.historic-scotland.gov.uk/index/heritage/scottishcastleinitiative.htm">https://www.historic-scotland.gov.uk/index/heritage/scottishcastleinitiative.htm</a>
Public note View the website free of charge at www.historic-scotland.gov.uk...
942 ## - ADDED ENTRY ELEMENTS (KOHA)
Suppress in OPAC 0
Holdings
Withdrawn status Lost status Source of classification or shelving scheme Damaged status Not for loan Home library Current library Shelving location Date acquired Total Checkouts Full call number Barcode Date last seen Copy number Price effective from Koha item type
    Dewey Decimal Classification     Virtual Virtual Online 17/09/2009   WEBSITE 148432-2001 06/08/2019 1 06/08/2019 Online material